Countries with a LEGO Factory - Statistics

General Stats
  • This quiz has been taken 62 times
    30 since last reset
  • The average score is 4 of 6
Answer Stats
City Country % Correct
Jiaxing China
100%
Billund Denmark
94%
Monterrey Mexico
78%
Tân Uyên Vietnam
78%
Nyíregyháza Hungary
50%
Kladno Czech Republic
39%
No matching quizzes found
Score Distribution
Percent of People with Each Score
Percentile by Number Answered
Your Score History
You have not taken this quiz since the last reset